Nỗi đam mê của Lol.V.Stein

Đã lưu trong:
Sonraí Bibleagrafaíochta
Príomhúdar: Margueite Duras
Údair Eile: Diệp Anh (dịch)
Formáid: Leabhar
Teanga:Vietnamese
Foilsithe: Đà Nẵng NXB Đà Nẵng 2001
Ábhair:
Clibeanna: Cuir Clib Leis
Gan Chlibeanna, Bí ar an gcéad duine leis an taifead seo a chlibeáil!
Thư viện lưu trữ: Mạng thư viện Đại học Đà Nẵng
LEADER 00972nam a2200313 4500
001 000004882
003 1024
005 20120507150537.0
008 110805s2001 viesd
020 |c 16000 đ 
041 0 |a vie 
082 |a 813  |b DU-M 
100 0 |a Margueite Duras 
245 0 |a Nỗi đam mê của Lol.V.Stein  |c Diệp Anh dịch 
260 |a Đà Nẵng  |b NXB Đà Nẵng  |c 2001 
300 |a 210 tr.  |c 19cm 
653 |a Văn học Mỹ 
653 |a tiểu thuyết 
700 |a Diệp Anh  |e dịch 
OWN |a LSP 
AVA |a UDN50  |b LSP  |d 813 DU-M  |e available  |t Error 5001 Not defined in file expand_doc_bib_avail.  |f 6  |g 0  |h N  |i 0  |k 1 
999 |a From the UDN01 
AVA |a UDN50  |b LSP  |d 813 DU-M  |e available  |t Error 5001 Not defined in file expand_doc_bib_avail.  |f 6  |g 0  |h N  |i 0  |k 1 
TYP |a Monograph 
TYP |a Printed language 
980 |a Mạng thư viện Đại học Đà Nẵng